000 01234nam a22003137a 4500
001 10129
003 FISKH
005 20260428083852.0
008 260423b cb ||||| |||| 00| 0 eng d
020 _a9780462004747
040 _aFISKH
_beng
_cFISKH
_dFISKH
050 _aPZ7
082 _a823.92
100 _aBarksdale, Henry
_eAuthor
245 _aThe silly space explorers /
_cWritten by Henry Barksdale ; Illustrated by Chris Grosz
250 _aFirst published 2008
260 _aLondon :
_bMarshall Cavendish Limited ,
_c2008
300 _a16 pages :
_bcolor illustrations ;
_c16 X 19 cm
490 _aMy Pals Are Here ! Reading Stars :
_v5c
505 _aG
520 _aA playful explorer travels into space to discover new things. Along the way, the explorer behaves in a silly and funny way—making mistakes, trying unusual actions, and interacting with space objects like planets or stars. Despite the silliness, the explorer enjoys the adventure and learns while exploring.
521 8 _a350
_bLexile estimate
521 8 _aG
_bRaz-Plus
650 _aSpace
_vSpace exploration
650 _vPlanets
_2Stars
700 _aGrosz, Chris
_eIllustrator
942 _2ddc
_cBK
_n0
999 _c10129
_d10129